LEADER 01077nam a2200241 i 4500 001 000000038503 003 CaOOAMICUS 005 19931231000000.0 008 931231n be u000 u mul u 013 $a9088 020 $a2503502709 040 $aSeMil$bita 245 10$aThesaurus Iohannis Cassiani :$bseries A... 490 0 $aCorpus Christianorum. Thesaurus Patrum Latinorum 600 04$aCassiano, Giovanni .$0(OLS)http://semarc/subject/2630 700 1 $aCassianus, Joannes,$d<360?-435>.$0(OLS)http://semarc/name/4632 710 2 $aUniversité Catholique : Centre de traitement èlectronique des documents.$0(OLS)http://semarc/name/60 830 0$aCorpus Christianorum. Thesaurus Patrum Latinorum.$0(OLS)http://semarc/title/136 850 $aSeMil 852 $aSeMil$W1$xVenegono$y1$mSL2.H III 7$j4658$B4658$CSeMilBibl$Z2$F4658 $8I 961 $aSottoscrizione: Brepols 996 $6020$a2503502709$9(OLS)http://semarc/number/7792 996 $6245$aThesaurus Iohannis Cassiani :$bseries A...$9(OLS)http://semarc/title/54370 LEADER 01679nam a2200313 i 4500 001 000000039612 003 CaOOAMICUS 005 20080623000000.0 008 080623s1983 it u000 u ita u 013 $a10358 020 $a88-7030-457-4 040 $aSeMil$bita 100 1 $aAssociazione Docenti Italiani di Filosofia .$0(OLS)http://semarc/name/2111 245 10$aUmanesimo cristiano e umanesimi contemporanei :$b[atti del 9. Convegno nazionale dell'Associazione dei docenti italiani di filosofia di ispirazione cristiana (A.D.I.F.), Palermo, 27-30 dicembre 1982] /$c[relazioni di] A. Bellingreri ... [et al.]. 260 $aMilano :$bMassimo,$c1983. 300 $a327 p. ;$c20 cm. 490 0 $aProblemi del nostro tempo ;$v57 500 $aFondo Card. Giovanni Colombo. 650 4$aUmanesimo contemporaneo.$0(OLS)http://semarc/subject/7564 650 4$aCristianesimo e umanesimo - Atti di congressi.$0(OLS)http://semarc/subject/8204 700 1 $aBellingreri, Antonio.$0(OLS)http://semarc/name/19247 830 0$aProblemi del nostro tempo ;$v57.$0(OLS)http://semarc/title/7322 850 $aSeMil 852 $aSeMil$W1$xVenegono$y1$m2P I 522$j5767$B5767$CSeMilBibl$Z2$F5767 $81 941 1 $a3 961 $aLascito: Colombo Card. Giovanni 996 $6020$a88-7030-457-4$9(OLS)http://semarc/number/9353 996 $6245$aUmanesimo cristiano e umanesimi contemporanei :$b[atti del 9. Convegno nazionale dell'Associazione dei docenti italiani di filosofia di ispirazione cristiana (A.D.I.F.), Palermo, 27-30 dicembre 1982]$9(OLS)http://semarc/title/56512 996 $6260$aMilano :$bMassimo$9(OLS)http://semarc/publisher/30297